000
00474nam a2200157Ia 4500
008
090123s9999 xx 000 0 und d
082
_b
24040
245
_a
माणूस आणि मित्र
250
_a
1
260
_b
कौशिक प्रकाशन
_c
1984
300
_a
414
630
_a
माणूस आणि मित्र
700
_a
गोडबोले अरुण
730
_a
माणूस आणि मित्र
942
_c
BOOK
999
_c
62111
_d
62111